TO THE LIGHTHOUSE (Record no. 5001)
[ view plain ]
| 000 -LEADER | |
|---|---|
| fixed length control field | 00600nam a22001457a 4500 |
| 020 ## - INTERNATIONAL STANDARD BOOK NUMBER | |
| ISBN | 978-81-7599-359-4 |
| 082 ## - DEWEY DECIMAL CLASSIFICATION NUMBER | |
| Classification number | 823 |
| Item number | WOO/L |
| 100 ## - MAIN ENTRY--AUTHOR NAME | |
| Personal name | WOOLF, VIRGINIA |
| 245 ## - TITLE STATEMENT | |
| Title | TO THE LIGHTHOUSE |
| 260 ## - PUBLICATION, DISTRIBUTION, ETC. (IMPRINT) | |
| Place of publication | DELHI |
| Name of publisher | FINGER PRINT CLASSICS |
| Year of publication | 2018 |
| 300 ## - PHYSICAL DESCRIPTION | |
| Number of Pages | 220 |
| 520 ## - SUMMARY, ETC. | |
| Summary, etc | Ramsay's seemingly trivial postponement of a visit to a nearby lighthouse, Virginia Woolf examines tensions and allegiances and shows that the small joys and quiet tragedies of everyday life could go on forever. The novel recalls childhood emotions and highlights adult relationships. |
| 650 ## - SUBJECT ADDED ENTRY--TOPICAL TERM | |
| Topical Term | NOVEL |
| Geographic subdivision | INDIA |
| 942 ## - ADDED ENTRY ELEMENTS (KOHA) | |
| Koha item type | Books |
| Withdrawn status | Lost status | Collection code | Home library | Current library | Shelving location | Date acquired | Source of acquisition | Full call number | Accession Number | Koha item type |
|---|---|---|---|---|---|---|---|---|---|---|
| Fiction | Main Library | Main Library | SHELF 15B-U,V,W SECTION NOVELS& FICTION | 23/07/2019 | purchase | 823 WOO/L | 11479 | Books |